| 000 | 00710nam a22002057a 4500 | ||
|---|---|---|---|
| 005 | 20140610171931.0 | ||
| 010 | _aB-504725-735 | ||
| 020 |
_a9780143067351 _c399.00 |
||
| 035 | _aB-504725-735 | ||
| 037 |
_adpl _bK.K.Pub/Ven |
||
| 082 | _a954.045092 | ||
| 100 | _aSahgal, Nayantara | ||
| 245 |
_aIndira Gandhi: _btryst with power/ _cby Nayantara Sahgal |
||
| 260 |
_aNew Delhi _bPenguin Books _c2012 |
||
| 270 |
_a11 Community Centre, Panchsheel Park _bNew Delhi _e110017 India |
||
| 300 |
_a412p. _c19cm(pbK) |
||
| 500 | _aincludes index | ||
| 942 |
_2ddc _cEN _h954.045092 _mSAH |
||
| 999 |
_c85008 _d85008 |
||